Aquatic microbiology
Αποθηκεύτηκε σε:
| Κύριος συγγραφέας: | |
|---|---|
| Μορφή: | Βιβλίο |
| Γλώσσα: | English German |
| Δημοσίευση: |
Chichester :
John Wiley and Sons,
1991.
|
| Έκδοση: | 4η εκδ. |
| Θέματα: | |
| Ετικέτες: |
Προσθήκη ετικέτας
Δεν υπάρχουν, Καταχωρήστε ετικέτα πρώτοι!
|
MARC
| LEADER | 00000cam a2200000 i 4500 | ||
|---|---|---|---|
| 001 | 1/67653 | ||
| 008 | 931105s1991 enk| ||| |||| ||eng|| | ||
| 020 | |a 0471926957 | ||
| 035 | |a ΛΕΣΒΟΣb10001936 |l 10001936 | ||
| 040 | |a GR-MyUA |b gre |e AACR2 | ||
| 041 | 1 | |a eng |h ger | |
| 082 | 0 | |a 576.192 | |
| 100 | 1 | |a Rheinheimer, G. |q (Gerhard), |d 1927-2015. | |
| 245 | 1 | 0 | |a Aquatic microbiology / |c G. Rheinheimer. |
| 250 | |a 4η εκδ. | ||
| 260 | |a Chichester : |b John Wiley and Sons, |c 1991. | ||
| 300 | |a viii, 363 σ. : |b εικ. ; |c 23 εκ. | ||
| 500 | |a Τίτλος πρωτοτύπου: Mikrobiologie der Gewasser. | ||
| 504 | |a Περιέχει βιβλιογραφικές παραπομπές (σ. [313]-350) και ευρετήριο. | ||
| 650 | 0 | 0 | |a Aquatic microbiology. |
| 852 | |a INST |b LESVOS |e 19931105 |h 576.192 RHE |p 005100005604 |q 005100005604 |t BK |y 0 | ||
| 909 | |a Λ |b 027012 | ||